| 000 | 00388nam a2200157Ia 4500 | ||
|---|---|---|---|
| 999 |
_c30426 _d30426 |
||
| 003 | OSt | ||
| 005 | 20250714112438.0 | ||
| 008 | 250310s9999||||xx |||||||||||||| ||und|| | ||
| 040 | _c. | ||
| 082 |
_a823 _bB1871 |
||
| 100 |
_96140 _aBall, A. |
||
| 245 | 0 |
_aChinese crackers four one act plays / _c A. Ball |
|
| 260 |
_aLondon : _bBlackie & son limited, |
||
| 300 | _a92 p. | ||
| 942 |
_cBK _2ddc |
||